Podium sport, leisure and tourism review.
| Corporate Author: | |
|---|---|
| Format: | Electronic Journal |
| Language: | Portuguese English Spanish |
| Published: |
São Paulo, Brasil :
Universidade Nove de Julho,
2012-
|
| Subjects: | |
| Online Access: | Full text available from Research Library: 01/01/2014 to present |
MARC
| LEADER | 00000nas a2200000 i 4500 | ||
|---|---|---|---|
| 001 | ssj0000941252 | ||
| 003 | WaSeSS | ||
| 005 | 20200512172242.0 | ||
| 006 | m d | ||
| 007 | cr n | ||
| 008 | 130219c20129999bl fr p s 0 0por c | ||
| 010 | |a 2013254151 | ||
| 022 | |a 2316-932X |l 2316-932X | ||
| 035 | |a (WaSeSS)ssj0000941252 | ||
| 040 | |a ERD |b eng |c ERD |d CUS |d OCLCF |d OCLCA |d UPM |d OCLCO |d OCL |d NTG |d WaSeSS | ||
| 041 | 0 | |a por |a eng |a spa | |
| 042 | |a pcc | ||
| 050 | 1 | 4 | |a GV713 |
| 210 | 0 | |a Podium, sport, leis. tour. rev. | |
| 222 | 0 | |a Podium : sport, leisure and tourism review | |
| 245 | 0 | 0 | |a Podium |h [electronic resource] : |b sport, leisure and tourism review. |
| 260 | |a São Paulo, Brasil : |b Universidade Nove de Julho, |c 2012- | ||
| 310 | |a Semiannual | ||
| 362 | 1 | |a Began with v. 1, n. 1 (jan./jun. 2012). | |
| 506 | |a License restrictions may limit access. | ||
| 546 | |a Articles in Portuguese, English, or Spanish; abstracts in Portuguese, English and Spanish. | ||
| 588 | |a Description based on: V. 1, n. 1 (jan./jun. 2012); title from PDF article header (publisher's Web site, viewed July 10, 2013). | ||
| 588 | |a Latest issue consulted: V. 2, n. 1 (jan./jun. 2013) (viewed July 10, 2013). | ||
| 650 | 0 | |a Sports administration |v Periodicals. | |
| 650 | 0 | |a Sports |x Marketing |v Periodicals. | |
| 650 | 0 | |a Sports and tourism |v Periodicals. | |
| 650 | 7 | |a Sports and tourism. |2 fast |0 (OCoLC)fst01130568 | |
| 650 | 7 | |a Sports administration. |2 fast |0 (OCoLC)fst01130552 | |
| 650 | 7 | |a Sports |x Marketing. |2 fast |0 (OCoLC)fst01130476 | |
| 655 | 0 | |a Electronic journals. | |
| 710 | 2 | |a Universidade Nove de Julho. | |
| 856 | 4 | 0 | |z Full text available from Research Library: 01/01/2014 to present |u https://search.proquest.com/publication/2037572 |